Doktor Piotr
| Titel: | Doktor Piotr : pasje życia Piotra Janaszka / Eugenia R. Dabertowa |
|---|---|
| Verfasser: | |
| Veröffentlicht: | Poznań [u.a.] : Fundacja im. doktora Piotra Janaszka Podaj Dalej, 2009 |
| Umfang: | 171 S. : Ill. ; 22 cm |
| Format: | Buch |
| Sprache: | Polnisch |
| ISBN: | 8392825608 ; 9788392825609 |
| Hinweise zum Inhalt: |
Inhaltsverzeichnis
|
alg: 32820737
001A $03004:06-09-13
001B $01999:25-10-13 $t10:51:48.000
001C $03004:11-09-13 $t15:19:38.000
001D $03004:11-09-13
001U $0utf8
001X $00
002@ $0Aau
003@ $0328207373
003O $0750965747 $aOCoLC
004A $083-928256-0-8
004A $A978-83-928256-0-9
007A $0328207373 $aHEB
007G $0DE020308D57AD5138DD2AC1257C0E003C4823
009P $qapplication/pdf $A2 $3Inhaltsverzeichnis $uhttp://scans.hebis.de/HEBCGI/show.pl?32820737_toc.pdf $mV:DE-603;B:DE-Mb50
010@ $apol
011@ $a2009 $n2009
021A $aDoktor Piotr $dpasje życia Piotra Janaszka $hEugenia R. Dabertowa
028A $7 $8Dabertowa, Eugenia Renia [Tnx] $9165332026
033A $pPoznań {[u.a.] $nFundacja im. doktora Piotra Janaszka Podaj Dalej
034D $a171 S.
034I $a22 cm
034M $aIll.
044A $aOrtopedzi $S4 $yod 1944 r $zPolska
lok: 32820737 24
exp: 32820737 24 1 #EPN
201B/01 $030-09-13 $t10:18:22.000
201C/01 $006-09-13
201U/01 $0utf8
203@/01 $0700209956
208@/01 $a11-09-13 $bz
209A/01 $a13.06079 $du $f050 $h13 06079 $x00
209C/01 $a13.06079 K $h13 06079 K
209G/01 $a73230691 $x00
220C/01 $aurb/nie
244Z/01 $71042381747 $8--Tp3--Janaszek, Piotr$Z1947-1998 $x01 $9332022587
247C/01 $8358050-7 Marburg, Bibliothek des Herder-Instituts Marburg $9102600961
| LEADER | 00000cam a2200000 c 4500 | ||
|---|---|---|---|
| 001 | 328207373 | ||
| 003 | DE-603 | ||
| 005 | 20131025105148.0 | ||
| 007 | tu | ||
| 008 | 130906s2009 xx |||| | u00||u|pol c | ||
| 020 | |a 8392825608 | ||
| 020 | |a 9788392825609 | ||
| 035 | |a (DE-599)HEB328207373 | ||
| 035 | |a (OCoLC)750965747 | ||
| 040 | |a DE-603 |b ger |c DE-603 |d DE-603 | ||
| 041 | |a pol | ||
| 100 | 1 | |a Dabertowa, Eugenia Renia |0 (DE-603)165332026 | |
| 245 | 0 | 0 | |a Doktor Piotr |b pasje życia Piotra Janaszka |c Eugenia R. Dabertowa |
| 264 | 1 | |a Poznań [u.a.] |b Fundacja im. doktora Piotra Janaszka Podaj Dalej |c 2009 | |
| 300 | |a 171 S. |b Ill. |c 22 cm | ||
| 856 | 4 | 2 | |m V:DE-603;B:DE-Mb50 |q application/pdf |u http://scans.hebis.de/HEBCGI/show.pl?32820737_toc.pdf |3 Inhaltsverzeichnis |
| 924 | 0 | |9 Mb 50 |a (DE-603)700209956 |b DE-Mb50 |c HES |d c |g 13.06079 | |


